<?xml version="1.0" encoding="UTF-8"?>
<collection xmlns:xsi="http://www.w3.org/2001/XMLSchema-instance" xsi:schemaLocation="http://www.loc.gov/MARC21/slim http://www.loc.gov/standards/marcxml/schema/MARC21slim.xsd" xmlns="http://www.loc.gov/MARC21/slim">
 <record>
  <leader>00000nam a22000004a 4500</leader>
  <controlfield tag="001">UP-8027390931311350526</controlfield>
  <controlfield tag="003">Buklod</controlfield>
  <controlfield tag="005">20250815143843.0</controlfield>
  <controlfield tag="006">m    |o  d |      </controlfield>
  <controlfield tag="007">ta</controlfield>
  <controlfield tag="008">241104s136u    xxu     r    |||| u|eng d</controlfield>
  <datafield tag="020" ind1=" " ind2=" ">
   <subfield code="a">9781119833963</subfield>
   <subfield code="a">paperback</subfield>
  </datafield>
  <datafield tag="037" ind1=" " ind2=" ">
   <subfield code="a">Ar-6940</subfield>
   <subfield code="b">Golden Books, Php 3,955.00</subfield>
  </datafield>
  <datafield tag="040" ind1=" " ind2=" ">
   <subfield code="a">OCLC</subfield>
   <subfield code="d">DARC</subfield>
   <subfield code="e">rda</subfield>
  </datafield>
  <datafield tag="041" ind1=" " ind2=" ">
   <subfield code="a">eng</subfield>
  </datafield>
  <datafield tag="090" ind1=" " ind2=" ">
   <subfield code="a">NA 1</subfield>
   <subfield code="b">A7355 2022</subfield>
  </datafield>
  <datafield tag="245" ind1="0" ind2="0">
   <subfield code="a">Architectures of refusal </subfield>
   <subfield code="c">guest-edited by Jill Stoner and Ozayr Saloojee .</subfield>
  </datafield>
  <datafield tag="264" ind1=" " ind2="1">
   <subfield code="a">Chichester, West Susse, United Kingdom</subfield>
   <subfield code="b">John Wiley &amp; Sons,</subfield>
   <subfield code="c">136 pages :|billustrations (chiefly color), plans ;|c28 cmc[2022] </subfield>
  </datafield>
  <datafield tag="300" ind1=" " ind2=" ">
   <subfield code="a">136 pages</subfield>
   <subfield code="b">illustrations (chiefly color), plans</subfield>
   <subfield code="c">28 cm</subfield>
  </datafield>
  <datafield tag="336" ind1=" " ind2=" ">
   <subfield code="a">text</subfield>
   <subfield code="2">rdacontent</subfield>
  </datafield>
  <datafield tag="336" ind1=" " ind2=" ">
   <subfield code="a">still image</subfield>
   <subfield code="2">rdacontent</subfield>
  </datafield>
  <datafield tag="337" ind1=" " ind2=" ">
   <subfield code="a">unmediated</subfield>
   <subfield code="2">rdamedia</subfield>
  </datafield>
  <datafield tag="338" ind1=" " ind2=" ">
   <subfield code="a">volume</subfield>
   <subfield code="2">rdacarrier</subfield>
  </datafield>
  <datafield tag="490" ind1="1" ind2=" ">
   <subfield code="a">Architectural design</subfield>
   <subfield code="x">0003-8504</subfield>
   <subfield code="v">v. 92, no. 6, November/December 2022 </subfield>
  </datafield>
  <datafield tag="504" ind1=" " ind2=" ">
   <subfield code="a">Includes bibliographical references </subfield>
  </datafield>
  <datafield tag="505" ind1="0" ind2="0">
   <subfield code="a">Introduction: Repair, reworld : the many ways of saying 'no' /Jill Stoner and Ozayr Saloojee --Prologue: Drawing an argument for refusal /Ozayr Saloojee --Centring civilisation: now and after the apocalypse /Alberto de Salvatierra --Digital doubles: the major agency of minor bits /Lucía Jalón Oyarzun --Expanding bodies: pedagogical models for pluralistic spatialities /Quilian Riano --Shebeen operations: navigating deviance /Thireshen Govender --Earth versus FIFA: &#13;
resisting globalisation on the open pitch /Hannah le Roux --A cottage to breathe in: refusing museums, making homes /Ilze Wolff --A space of problems: the child-cities of Columbus /Jennifer Newsom and Tom Carruthers --Reclaiming their future: riotous resistance and Indigenous creativity in South America's highest metropolis /Carwil Bjork-James --The Eruv as legal fiction: changing rules in the public realm /Piper Bernbaum --From altars to alterity: offerings and inheritances for queer Vietnamese kin /Thompson Cong Nguyen --101 ways to refuse a wall /Chat Travieso --Meanwhile bodies: architecture without property /Cathy Smith --To not refuse our ravaged world /Jill Stoner --Balking in the Balkans: Lebbeus Woods - Zagreb Free Zone revisited /Neil Spiller </subfield>
  </datafield>
  <datafield tag="520" ind1="0" ind2=" ">
   <subfield code="a">Over the past decade, and in a more concentrated form over the past two years, there has been increasing recognition of architecture's systemic complicity in constructing and upholding hierarchies of race and class, and privileging colonial paradigms that perpetuate spatial and economic inequity. This issue reveals how designers, practitioners, scholars and architects are participating in dismantling the major canons of Western architecture.  The work is both literal and figural: taking buildings apart and reconstituting them, and challenging mythologies that include drawing-as-analogue, building-as object, architect-as-hero and nature-as-other. Architecture has both potential and responsibility for political agency in the public realm. The contributions to this issue foreground emancipatory spatial ideas and practices from &#13;
around the world, demonstrating that refusal is no longer just absence and denial, but a constructive mode of resistance and action that needs to be approached through subversive urban works, design pedagogy and alliances across multiple disciplines.&quot; --Back cover </subfield>
  </datafield>
  <datafield tag="650" ind1=" " ind2="0">
   <subfield code="a">Architecture and society .</subfield>
  </datafield>
  <datafield tag="650" ind1=" " ind2="0">
   <subfield code="a">Architecture and race.</subfield>
  </datafield>
  <datafield tag="650" ind1=" " ind2="0">
   <subfield code="a">Architecture</subfield>
   <subfield code="x">Human factors.</subfield>
  </datafield>
  <datafield tag="700" ind1="1" ind2=" ">
   <subfield code="a">Stoner, Jill,</subfield>
   <subfield code="e">editor,contributor.</subfield>
  </datafield>
  <datafield tag="700" ind1="1" ind2=" ">
   <subfield code="a">Saloojee, Ozayr,</subfield>
   <subfield code="d">1975-</subfield>
   <subfield code="e">editor,contributor.</subfield>
  </datafield>
  <datafield tag="700" ind1="1" ind2=" ">
   <subfield code="a">Jalón Oyarzun, Lucía,</subfield>
   <subfield code="e">contributor.</subfield>
  </datafield>
  <datafield tag="700" ind1="1" ind2=" ">
   <subfield code="a">Govender, Thireshen,</subfield>
   <subfield code="e">contributor .</subfield>
  </datafield>
  <datafield tag="700" ind1="1" ind2=" ">
   <subfield code="a">Le Roux, Hannah,</subfield>
   <subfield code="e">Roux, Hannah,contributor.</subfield>
  </datafield>
  <datafield tag="700" ind1="1" ind2=" ">
   <subfield code="a">Wolff, Ilze,</subfield>
   <subfield code="e">contributor.</subfield>
  </datafield>
  <datafield tag="700" ind1="1" ind2=" ">
   <subfield code="a">Bjork-James, Carwil,</subfield>
   <subfield code="e">contributor.</subfield>
  </datafield>
  <datafield tag="700" ind1="1" ind2=" ">
   <subfield code="a">Bernbaum, Piper,</subfield>
   <subfield code="e">contributor.</subfield>
  </datafield>
  <datafield tag="700" ind1="1" ind2=" ">
   <subfield code="a">Stoner, Jill,</subfield>
   <subfield code="e">contributor.</subfield>
  </datafield>
  <datafield tag="700" ind1="1" ind2=" ">
   <subfield code="a">Spiller, Neil,</subfield>
   <subfield code="e">contributor.</subfield>
  </datafield>
  <datafield tag="905" ind1=" " ind2=" ">
   <subfield code="a">FO</subfield>
  </datafield>
  <datafield tag="852" ind1="0" ind2=" ">
   <subfield code="a">UPD</subfield>
   <subfield code="b">DARC</subfield>
   <subfield code="h">NA 1</subfield>
   <subfield code="i">A7355 2022</subfield>
  </datafield>
  <datafield tag="942" ind1=" " ind2=" ">
   <subfield code="a">Book</subfield>
  </datafield>
 </record>
</collection>
